Statistics for Guess the Mystery Song

Click here to take the quiz!

General Stats

  • This quiz has been taken 943 times
  • The average score is 75 of 236

Answer Stats

Answer% Correct
I
97%
a
96%
you
91%
the
90%
me
79%
and
75%
to
72%
go
64%
on
62%
in
59%
it
59%
no
59%
she
53%
your
52%
my
50%
of
49%
was
41%
that
38%
all
37%
but
33%
make
33%
out
33%
this
32%
with
32%
boy
31%
take
31%
just
30%
man
30%
from
29%
never
29%
time
28%
world
28%
down
27%
give
24%
let
24%
oh
24%
them
24%
way
23%
get
22%
Get
22%
good
22%
got
22%
woman
22%
now
21%
their
20%
bad
19%
home
19%
life
19%
every
17%
knew
17%
made
17%
round
17%
won't
17%
been
16%
big
16%
light
16%
went
15%
girls
13%
I've
13%
tonight
13%
fat
12%
gonna
12%
Hey
12%
left
12%
red
12%
fire
11%
bottomed
10%
Queen
10%
before
9%
lad
9%
rockin
9%
after
8%
hang
8%
seen
8%
alone
7%
blue
7%
while
7%
beside
6%
Fat Bottomed Girls
6%
still
6%
ride!
5%
skinny
5%
such
5%
aint
4%
land
4%
nanny
4%
naughty
4%
fanny
3%
nursery
3%
singing
3%
across
2%
band
2%
beauty
2%
bikes
2%
eyed
2%
ladies
2%
style
2%
bones
1%
dirty
1%
floozy
1%
greatest
1%
heap
1%
kinda
1%
locality
1%
pleasure
1%
queens
1%
smooth
1%
treasure
1%
Artist
0%
homes
0%
mortgages
0%
stiffness
0%
Title
0%

Score Distribution

Percentile by Number Answered

Percent of People with Each Score

Your Score History

You have not taken this quiz